Women in India's freedom struggle / (Record no. 473)
[ view plain ]
| 000 -LEADER | |
|---|---|
| fixed length control field | 00714nam a2200253 a 4500 |
| 001 - CONTROL NUMBER | |
| control field | 3821047 |
| 005 - DATE AND TIME OF LATEST TRANSACTION | |
| control field | 20240222021949.0 |
| 008 - FIXED-LENGTH DATA ELEMENTS--GENERAL INFORMATION | |
| fixed length control field | 850705s1985 ii acf b 001 0 eng |
| 020 ## - INTERNATIONAL STANDARD BOOK NUMBER | |
| ISBN | 8120713990 |
| 040 ## - CATALOGING SOURCE (பட்டியலாக்க மூலம்) | |
| Original cataloging agency | DLC |
| Transcribing agency | DLC |
| Modifying agency | DLC |
| 082 00 - DDC Classification | |
| Class No. | 322.4. |
| DDC Edition Number | 19 |
| Item Number - Author Mark | WOM. |
| 100 0# - MAIN ENTRY--PERSONAL NAME | |
| Personal name | Manmohan Kaur, |
| 245 10 - TITLE STATEMENT | |
| Title | Women in India's freedom struggle / |
| Statement of responsibility, etc. | Manmohan Kaur. |
| 250 ## - EDITION STATEMENT | |
| Edition statement | 3rd. |
| 260 ## - PUBLICATION, DISTRIBUTION, ETC. | |
| Place of publication, distribution, etc. | New Delhi : |
| Name of publisher, distributor, etc. | Sterling, |
| Date of publication, distribution, etc. | 1985. |
| 300 ## - PHYSICAL DESCRIPTION | |
| Extent (e.g. Volumes, Pages etc.) | viii, 302. |
| 500 ## - GENERAL NOTE | |
| General note | Rev. ed. of: Role of women in the freedom movement, 1857-1947. 1st ed. 1968. |
| 500 ## - GENERAL NOTE | |
| General note | Includes index. |
| 650 #0 - SUBJECT ADDED ENTRY--TOPICAL TERM | |
| Topical term or geographic name entry element | Women |
| 650 #0 - SUBJECT ADDED ENTRY--TOPICAL TERM | |
| Topical term or geographic name entry element | Women social reformers |
| 650 #0 - SUBJECT ADDED ENTRY--TOPICAL TERM | |
| Topical term or geographic name entry element | Women in public life |
| 700 0# - ADDED ENTRY--PERSONAL NAME | |
| Personal name | Manmohan Kaur, |
| Relator term (Role) | Editor |
| 942 ## - Koha item type (Biblio) | |
| Koha item type | Books in Stacks (Lending) |
| Lost status | Damaged status | Collection code | Home library | Current library | Date acquired | Full call number | Accession Number | Item type |
|---|---|---|---|---|---|---|---|---|
| Lending | WERC Library | WERC Library | 02/22/2024 | 322.4. WOM. | 5034 | Books in Stacks (Lending) |
